00330nam a2200085Ia 4500008004100000245004000041260000900081300012200090650003200212180130s9999 xx 000 0 und d cPerroni, EmiliaaTo act and to tell c2014 aBook title: Play : psychoanalytic perspectives, survival and human development--Acession number C18636; pages 183-185 aPLAY--PSYCHOLOGICAL ASPECTS